Normale Ansicht MARC-Ansicht ISBD

Nachfrage nach Balkonen wächst. (Titelsatznr. 80998)

[ MARC ]
MARC-Details
000 -Satzkennung
Kontrollfeld mit fester Länge 00795nam a22001817a 4500
008 - Feld mit fester Länge zur physischen Beschreibung - Allgemeine Angaben
Kontrollfeld mit fester Länge 201130b ||||| |||| 00| 0 eng d
040 ## - Katalogisierungsquelle
Katalogisierungssprache ger
Übertragungsstelle DE-2950
Beschreibungsfestlegungen rda
Original-Katalogisierungsstelle DE-2950
041 ## - Sprachcode
Sprachcode des Textes/der Tonspur oder des separaten Titels ger
100 ## - Person oder Familie als 1. geistiger Schöpfer
Personenname Göres, Joachim:
245 ## - Titel
Haupttitel Nachfrage nach Balkonen wächst.
Titelzusatz Immobilien: Die Vorbauten sind nicht nur bei neu errichteten Wohnhäusern ein Muss. Warum wie in Frankfurt (Oder) die Nachfrage nach Modernisierungen groß ist uns was das für Mieter bedeutet /<br/>
Verantwortlichkeitsangabe Joachim Göres
653 ## - Lokales Schlagwort
Nicht-normierter Term Frankfurt (Oder)
653 ## - Lokales Schlagwort
Nicht-normierter Term Wohnungsbau / Architektur
773 ## - Übergeordnete Einheit
Ort, Verlag und Erscheinungsjahr Frankfurt (Oder): Märkisches Verlags- und Druckhaus GmbH & Co KG
Verknüpfungsangaben 32. Jahrgang (2021) Nr. 102 vom 04.05.2021, S. 5
Titel Märkische Oderzeitung
942 ## - Zusätzliche Felder (Koha)
Koha-Medientyp Aufsätze
Exemplare
Ausgeschieden Verloren Beschädigt Nicht entleihbar Permanenter Standort Aktueller Standort Aufstellungsort Eingabedatum Anzahl Ausleihen Signatur Letzte Aktivität Preis gültig von Medientyp
        Stadtarchiv Frankfurt (Oder) | Archivbibliothek Stadtarchiv Frankfurt (Oder) | Archivbibliothek Magazin 04/05/2021   Z2 04/05/2021 04/05/2021 Aufsätze